000 00284cam a2200109ua 4500
082 _a822
_bCRA/SH
100 _aShakespeare, William.
_91841
245 _aHistories and Poems of Shakespeare /
260 _aLondon :
_bOxford University Press ,
_c1962.
300 _a1214 ; .
942 _cBK
999 _c7913
_d7913